| 000 | 00936nac a22002291u 4500 | ||
|---|---|---|---|
| 010 | _a2001036592 | ||
| 020 | _a0130615919 (alk. paper) | ||
| 020 | _a8120321065 | ||
| 082 | 0 | 0 |
_a620/.001 _bC45622 |
| 090 |
_c788 _d788 |
||
| 100 | _aChandrupatla, Tirupath | ||
| 245 | 1 | 0 |
_aIntroduction to finite elements in engineering / _cTirupathi R. Chandrupatla, Ashok D. Belegundu. |
| 250 | _a3rd ed. | ||
| 260 |
_aNew Delhi : _bPrentice-Hall of India, _cc2004. |
||
| 300 |
_axviii, 453 p. : _bill. ; _c24 cm. + _e1 CD-ROM (4 3/4 in.) |
||
| 504 | _aIncludes bibliographical references (p. 443-446) and index. | ||
| 650 | 0 | _aFinite element method. | |
| 650 | 0 | _aEngineering mathematics. | |
| 700 | 1 |
_aBelegundu, Ashok D., _d1956- |
|
| 942 |
_cBB _k620/.001C45622 |
||
| 999 |
_c788 _d788 |
||